<?xml version="1.0" encoding="UTF-8"?>
<record
    xmlns:xsi="http://www.w3.org/2001/XMLSchema-instance"
    xsi:schemaLocation="http://www.loc.gov/MARC21/slim http://www.loc.gov/standards/marcxml/schema/MARC21slim.xsd"
    xmlns="http://www.loc.gov/MARC21/slim">

  <leader>01393cam a2200265 a 4500</leader>
  <controlfield tag="001">1003116</controlfield>
  <controlfield tag="003">KPN</controlfield>
  <controlfield tag="005">20210803120451.0</controlfield>
  <controlfield tag="008">860530s1981    my       b   f000 0 may  </controlfield>
  <datafield tag="010" ind1=" " ind2=" ">
    <subfield code="a">   86941615 </subfield>
  </datafield>
  <datafield tag="040" ind1=" " ind2=" ">
    <subfield code="a">DLC</subfield>
    <subfield code="c">DLC</subfield>
    <subfield code="d">DLC</subfield>
  </datafield>
  <datafield tag="050" ind1="0" ind2="0">
    <subfield code="a">PL5139.M774</subfield>
    <subfield code="b">H5 1981</subfield>
  </datafield>
  <datafield tag="100" ind1=" " ind2=" ">
    <subfield code="a">Editor; Jamilah Haji Ahmad </subfield>
    <subfield code="9">11</subfield>
  </datafield>
  <datafield tag="245" ind1="1" ind2="0">
    <subfield code="a">Hikayat Sempurna Jaya /</subfield>
    <subfield code="c">diselenggarakan oleh Jamilah Haji Ahmad.</subfield>
  </datafield>
  <datafield tag="250" ind1=" " ind2=" ">
    <subfield code="a">Cet. 1.</subfield>
  </datafield>
  <datafield tag="260" ind1=" " ind2=" ">
    <subfield code="a">Kuala Lumpur :</subfield>
    <subfield code="b">Dewan Bahasa dan Pustaka.</subfield>
    <subfield code="c">1981.</subfield>
  </datafield>
  <datafield tag="300" ind1=" " ind2=" ">
    <subfield code="a">xxxvi, 145 p. ;</subfield>
    <subfield code="c">22 cm.</subfield>
  </datafield>
  <datafield tag="500" ind1=" " ind2=" ">
    <subfield code="a">in Malay.</subfield>
  </datafield>
  <datafield tag="504" ind1=" " ind2=" ">
    <subfield code="a">Includes bibliographical references (p. 145).</subfield>
  </datafield>
  <datafield tag="520" ind1=" " ind2=" ">
    <subfield code="a">Southeast asian chronicle </subfield>
    <subfield code="b">Hikayat Sempurna Jaya adalah cerita ranting dari Mahabharata dan dapat dikatakan sebagai salah satu cerita dalam siri Pandawa (Pandawa cycle). Tema dan watak-wataknya hampir sama seperti yang terdapat dalam Hikayat Pendawa Lima tetapi plotnya lebih tersusun. Penyampaiannya lebih mendekati kepada cara penyampaian wayang kulit. Ada kemungkinan besar Hikayat sempurna jaya ini berasal dari lakon carangan yang diciota oleh seorang dalang wayang kulit. Dalam lakon carangan seperti ini biasanya diselitkan unsur-unsur ajaran, nasihat dan sindiran.</subfield>
  </datafield>
  <datafield tag="700" ind1="0" ind2=" ">
    <subfield code="a">Jamilah Haji Ahmad.</subfield>
  </datafield>
  <datafield tag="906" ind1=" " ind2=" ">
    <subfield code="a">7</subfield>
    <subfield code="b">cbc</subfield>
    <subfield code="c">orignew</subfield>
    <subfield code="d">3</subfield>
    <subfield code="e">ncip</subfield>
    <subfield code="f">19</subfield>
    <subfield code="g">y-gencatlg</subfield>
  </datafield>
  <datafield tag="942" ind1=" " ind2=" ">
    <subfield code="2">ddc</subfield>
    <subfield code="c">1</subfield>
    <subfield code="n">0</subfield>
  </datafield>
  <datafield tag="999" ind1=" " ind2=" ">
    <subfield code="c">47</subfield>
    <subfield code="d">47</subfield>
  </datafield>
  <datafield tag="952" ind1=" " ind2=" ">
    <subfield code="0">0</subfield>
    <subfield code="1">0</subfield>
    <subfield code="2">ddc</subfield>
    <subfield code="4">0</subfield>
    <subfield code="7">0</subfield>
    <subfield code="8">F</subfield>
    <subfield code="a">KPN</subfield>
    <subfield code="b">KPN</subfield>
    <subfield code="c">NFIC800</subfield>
    <subfield code="d">2021-08-03</subfield>
    <subfield code="l">0</subfield>
    <subfield code="o">BM 899.2302 JAM 1981</subfield>
    <subfield code="p">KPN21080025</subfield>
    <subfield code="r">2021-08-30</subfield>
    <subfield code="w">2021-08-03</subfield>
    <subfield code="y">1</subfield>
  </datafield>
</record>
